Statistiques concernant Les langues officielles de l'ONU

Cliquez ici pour prendre le quiz!

Statistiques générales

  • Ce quiz a été pris 92 fois
  • Le résultat moyen est 6 sur 6

Statistiques - réponses

Réponse% Correct
Anglais
100%
Espagnol
99%
Français
99%
Chinois
94%
Russe
84%
Arabe
81%

Distribution des résultats

Percentile par nombre de réponses

% des personnes avec chaque résultat

Votre développement - résultats

Vous n’avez pas pris ce quiz